| 000 | 00644nam a22002175a 4500 | ||
|---|---|---|---|
| 008 | 150629s2015 ii a fr 001 0 eng d | ||
| 020 | _a9789384007157 | ||
| 040 |
_aEG-ScBUE _beng _dEG-ScBUE |
||
| 082 | 0 | 4 |
_a333.794 _bROY _222 |
| 100 | 1 |
_aRoy, Ghosh M. K. _938259 |
|
| 245 | 1 | 0 |
_aRenewable energy / _cM. K. Ghosh Roy. |
| 250 | _a1st ed. | ||
| 260 |
_aNew Delhi : _bMedtec, _c2015. |
||
| 300 |
_axx, 328 p. : _bill. ; _c24 cm. |
||
| 500 | _aIndex : p. 325-328. | ||
| 650 | 7 |
_aRenewable energy sources. _2BUEsh _93747 |
|
| 651 | _2BUEsh | ||
| 653 |
_bENGGEN _cJune2015 _cAugust2015 |
||
| 655 |
_vreading book _934232 |
||
| 942 |
_2ddc _k333.794 ROY |
||
| 999 |
_c20024 _d19996 |
||